Imágenes del paraíso : (Registro nro. 5466)

Detalles MARC
000 -CABECERA
Campo de control 00934nam a2200265 4500
005 - FECHA Y HORA DE LA ULTIMA TRANSACCION
Campo de control 20160621104411.0
008 - ELEMENTOS DE LONGITUD FIJA—INFORMACION GENERAL
Campo de control 160621s2006 pe ao|||r|||| 00| 0 spa d
020 ## - ISBN
ISBN 9972667324
040 ## - FUENTE DE CATALOGACIÓN
Agencia catalogadora original CO-BoIAVH
Agencia transcriptora CO-BoIAVH
041 0# - IDIOMA
Código de idioma para texto/pista de sonido o título separado Español
Código de idioma de la versión original y/o traducciones intermedias del texto Inglés
044 ## - PAÍS DE PUBLICACIÓN
País de publicación Perú
082 04 - NUMERO DE CLASIFICACION DECIMAL DEWEY
Número de clasificación 590.0222
Número del ítem A47i
100 1# - ASIENTO PRINCIPAL--NOMBRE PERSONAL
Nombre personal Alvarez Alonso, José
Término relacionado autor
9 (RLIN) 71825
245 10 - MENCION DE TITULO
Título Imágenes del paraíso :
Parte restante del título la reserva nacional Allpahuayo-Mishana /
Mención de responsabilidad Jose Álvarez Alonso
246 11 - FORMA VARIANTE DEL TITULO
Título propiamente dicho/forma breve del título Images of paradise :
Parte restante del título Allpahuayo-Mishana national reserve
260 ## - PUBLICACION, DISTRIBUCION, ETC. (PIE DE IMPRENTA)
Lugar de publicación, distribución, etc. Lima, Perú :
Nombre del editor, distribuidor, etc. IIAP,
Fecha de publicación, distribución, etc. 2006.
300 ## - DESCRIPCION FISICA
Extensión 81 páginas :
Otros detalles físicos ilustraciones a color y fotografías a color ;
Dimensiones 17 x 25 cm.
504 ## - NOTA DE BIBLIOGRAFIA, ETC.
Nota de bibliografía Incluye referencias bibliográficas.
650 16 - ASIENTO SECUNDARIO DE MATERIA - TERMINO TEMATICO
Término temático o nombre geográfico como elemento de entrada Reservas naturales
9 (RLIN) 71830
650 26 - ASIENTO SECUNDARIO DE MATERIA - TERMINO TEMATICO
Término temático o nombre geográfico como elemento de entrada Biodiversidad
Subdivisión de forma Imágenes
9 (RLIN) 71831
650 26 - ASIENTO SECUNDARIO DE MATERIA - TERMINO TEMATICO
Término temático o nombre geográfico como elemento de entrada Biodiversidad
Subdivisión general Identificación
9 (RLIN) 71832
662 ## - ASIENTO SECUNDARIO DE MATERIA - JERARQUIA DEL NOMBRE DE LUGAR(
País o entidad mayor Perú
Ciudad Iquitos
662 ## - ASIENTO SECUNDARIO DE MATERIA - JERARQUIA DEL NOMBRE DE LUGAR(
País o entidad mayor Perú
Jurisdicción política intermedia Amazonía
942 ## - ELEMENTOS ADICIONALES (KOHA)
Tipo de ítem Libro
Sistema de clasificación Dewey Decimal Classification
Existencias
Withdrawn status Lost status Sistema de Clasificación Damaged status No para préstamo Colección Inventariado Ubicación Permanente Ubicación actual Fecha de adquisición Fuente de Valor Valor Total Checkouts Número topográfico Inventario / Código de Barras Date last seen Ejemplar Price effective from Forma de adquisición Tipo de material
    Dewey Decimal Classification     General Inventariado 2017 Sala Fabio Quevedo Sala Fabio Quevedo 21/02/2007 Instituto 20000.00   LB-590.0222 A47i 023981 04/12/2012 Ej.1 04/12/2012 Donación Libro